00361cam a2200145ua 450000100060000000800390000602000180004504000090006304100080007208200110008024500580009125000120014926000330016165300210019410386181004n ii |||gr||||Z||||||hin a9788120831957 cMAIN ahin a891.43 aSankhyatattwakoumudi (H)cBy Ramshankar Bhattacharyya a1st ed. aDelhi:bMotilal Benarasidas. aHindi literature